[Event "Azerbaijan Championship 2022"]
[Site "Nakhchivan"]
[Date "2022.02.07"]
[Round "3.5"]
[White "Muradli, Mahammad"]
[Black "Ilyasli, Ughur"]
[Result "0-1"]
[WhiteElo "2528"]
[BlackElo "2310"]
[Annotator "TA"]
[PlyCount "130"]
[EventDate "2022.02.05"]
[EventCountry "AZE"]
[SourceTitle "playchess.com"]
[Source "ChessBase"]
[SourceQuality "1"]

{[%evp 10,130,79,62,88,104,106,106,107,70,108,53,57,57,54,60,64,39,56,0,36,0,47,0,0,-30,0,13,0,7,74,60,157,132,149,139,94,69,110,101,210,241,228,112,86,0,0,0,0,0,0,0,45,45,45,47,18,48,651,622,631,547,1516,1479,1516,1487,1376,1311,812,0,0,0,0,0,0,0,0,0,0,0,0,0,0,0,0,-409,-379,-339,-302,-542,-535,-29945,-29947,-29950,-29951,-29945,-29951,-29949,-29951,-29954,-29956,-29957,-29959,-29957,-29958,-29957,-29958,-29954,-29953,-29963,-29949,-29947,-29944,-29937,-29944,-29938,-12850,-12842,-12843,-12833,-12824,-10825,-5402]} 1. d4 g6 2. c4 Bg7 3. e4 d6 4. Nc3 c5 5. d5 Bxc3+ 6. bxc3 e5 $1 {[%mdl 4] is now more promising than 6...Qa5. A43: Schmid Benoni.} 7. Bd3 Nd7 8. Ne2 Qe7 {[%cal Of7f5] [#] White is better.} 9. a4 $146 ({Predecessor:} 9. O-O Ngf6 10. f3 Nh5 11. g3 O-O 12. Bh6 Ng7 13. g4 Nb6 14. Kh1 Kh8 15. Rg1 {½-½ (67) Uwira,O (2249)-Nothnagel,H (2303) Germany 2012}) 9... a5 10. h4 (10. Rb1 $16) 10... h6 $14 11. f3 Kd8 12. Be3 Nb6 13. Qb3 Ra6 14. g4 {Prevents f5.} (14. Ng3 $14) 14... Bd7 (14... Qf6 $5 {[%cal Rf6f3]} 15. Kd2 Ke8 $14) 15. Kd2 Qe8 (15... Qf6 $11) 16. Qa3 (16. Rab1 $14) 16... f5 $11 17. g5 {[%cal Oe2d4]} f4 (17... Rh7 {might be stronger.}) 18. Bf2 {[%cal Oe2d4]} hxg5 19. hxg5 Ne7 (19... Rxh1 $1 $11 {keeps the balance.} 20. Rxh1 Qe7) 20. Nd4 {[%cal Oh1h6]} (20. Rh6 {with more complications.} Rxh6 21. gxh6 g5 22. Rh1 Nxa4 23. h7) 20... exd4 (20... cxd4 21. cxd4 Nxa4 22. dxe5 Rxh1 23. Rxh1 Nxd5 24. cxd5 Qxe5 25. Rh7 Qb2+ 26. Qxb2 Nxb2 27. Bxa6 bxa6 28. Bb6+ Ke8 29. Bc7 $18) ({Black should play} 20... Rh5 $14) 21. cxd4 $16 Nxa4 22. dxc5 Nxc5 23. Bxc5 dxc5 24. Qxc5 Rxh1 (24... a4 $16 {was necessary.}) 25. Rxh1 $18 {aiming for Qd4.} a4 {[%cal Ba5a4,Ba4a3,Ba3a2][%mdl 32]} 26. Qd4 (26. Rh7 a3 27. Qd4 a2 $19) (26. Qa3 $18) 26... a3 $16 27. Kc1 (27. c5 $1 $16 Ra4 28. Qf6) 27... Nf5 $11 {[%cal Be7f5,Bf5g3,Bg3e2][%mdl 32]} 28. Qc3 a2 29. Kb2 Ng3 30. Re1 Bg4 31. Ka1 $1 $14 Bxf3 {[%cal Of3e2] Threatens to win with ...Be2!} 32. e5 $1 {e6 is the strong threat.} Qh8 $1 33. c5 Ne2 $2 {[%mdl 8192]} 34. Qb2 $1 $18 (34. Bxe2 Bxe2 35. Rxe2 Qh1+ 36. Qe1 Qh3 $11) 34... Qh4 35. Rd1 Nc3 36. Bxa6 {[%cal Ob2b7]} Bxd1 37. Qb6+ Ke8 38. Qe6+ Kf8 39. Qc8+ $2 ({Only move:} 39. Qf6+ $18 Kg8 40. Qxg6+ Kh8 41. Qf6+ (41. Bxb7 Bg4 $11) 41... Kg8 42. Qg6+ (42. Bxb7 Bg4 $11) 42... Kh8 43. Qf6+ (43. Bxb7 Bg4 $11) 43... Kg8 44. Qe6+ (44. Bxb7 Bg4 $11) 44... Kg7 45. d6 Qxg5 46. d7 $1 bxa6 47. Qf6+ Qxf6 48. exf6+ Kxf6 49. d8=Q+ Ke5 50. Qh8+ Kd5 51. Qxc3) 39... Kg7 $11 40. Qxb7+ Kh8 41. Qc8+ Kg7 42. Qd7+ Kh8 43. Qe8+ Kg7 44. Qe7+ Kh8 45. d6 {d7 would kill now.} Bg4 46. Qf8+ Kh7 47. Qh6+ $2 {[%mdl 8192]} (47. Qf7+ $11 {and White has nothing to worry.} Kh8 48. Qf8+ Kh7 49. Qf7+ Kh8 50. Qf8+) 47... Qxh6 $19 48. gxh6 {[#] Black must now prevent c6.} f3 $1 (48... Kxh6 $2 49. c6 Bd1 50. d7 $18) 49. c6 $2 (49. e6 f2 50. Bf1 (50. d7 $2 Ne2 $19) 50... Bxe6 51. c6) 49... Ne2 50. d7 f2 51. Bxe2 Bxe2 52. d8=Q f1=Q+ 53. Kxa2 Bc4+ 54. Ka3 Qf3+ 55. Kb4 Qb3+ ({Worse is} 55... Qxc6 56. Qe7+ Kxh6 57. Qh4+ Kg7 58. Qxc4 Qxc4+ 59. Kxc4 $11) 56. Kc5 Qb5+ 57. Kd4 Qxc6 58. Qe7+ Kxh6 59. Qf8+ Kh7 60. Qe7+ Kg8 61. Qd8+ Kg7 62. Qe7+ Bf7 {( -> ...Qc4+)} 63. Ke3 {Black is clearly winning.} Qe6 64. Qg5 Qf5 65. Qe7 g5 {What a fight!  Weighted Error Value: White=0.61/Black=0.25 (precise)} 0-1

[Event "Azerbaijan Championship 2022"]
[Site "Nakhchivan"]
[Date "2022.02.07"]
[Round "3.6"]
[White "Atakishiyev, Elmar"]
[Black "Babazada, Khazar"]
[Result "0-1"]
[WhiteElo "2240"]
[BlackElo "2427"]
[Annotator "ChessBase"]
[PlyCount "80"]
[EventDate "2022.02.05"]
[EventCountry "AZE"]
[SourceTitle "playchess.com"]
[Source "ChessBase"]
[SourceQuality "1"]
[TimeControl "40/5400+30:1800+30"]

1. d4 {[%emt 0:00:09]} Nf6 {[%emt 0:01:41]} 2. c4 {[%emt 0:00:50]} e6 {[%emt 0:00:26]} 3. g3 {[%emt 0:02:33]} d5 {[%emt 0:00:13]} 4. Nf3 {[%emt 0:00:11]} Bb4+ {[%emt 0:00:11]} 5. Bd2 {[%emt 0:00:30]} a5 {[%emt 0:00:06]} 6. Bg2 {[%emt 0:00:27]} O-O {[%emt 0:00:09]} 7. O-O {[%emt 0:00:53]} dxc4 {[%emt 0:00:13]} 8. Bg5 {[%emt 0:01:18]} h6 {[%emt 0:00:09]} 9. Bxf6 {[%emt 0:00:21]} Qxf6 {[%emt 0:00:03]} 10. Qc2 {[%emt 0:03:41]} Nd7 {[%emt 0:00:14]} 11. Qxc4 {[%emt 0:03:17]} e5 {[%emt 0:00:07]} 12. a3 {[%emt 0:09:16]} Bd6 {[%emt 0:00:33]} 13. Nc3 {[%emt 0:02:26]} Qe7 {[%emt 0:02:14]} 14. e4 {[%emt 0:23:05]} c6 15. Rad1 {[%emt 0:04:07]} exd4 {[%emt 0:04:53]} 16. Nxd4 {[%emt 0:01:59]} Ne5 {[%emt 0:00:56]} 17. Qe2 {[%emt 0:00:32]} Bc5 {[%emt 0:00:21]} 18. Nf5 {[%emt 0:05:34]} Qf6 {[%emt 0:01:12]} 19. Ne3 {[%emt 0:06:41]} Be6 {[%emt 0:01:07]} 20. Kh1 {[%emt 0:03:26]} Bxe3 {[%emt 0:03:31]} 21. Qxe3 {[%emt 0:02:52]} Bc4 {[%emt 0:01:47]} 22. f4 {[%emt 0:11:08]} Bxf1 {[%emt 0:00:21]} 23. Rxf1 {[%emt 0:00:06]} Nc4 {[%emt 0:01:11]} 24. Qe2 {[%emt 0:00:07]} Qd4 {[%emt 0:00:42]} 25. Rd1 {[%emt 0:00:43]} Qc5 {[%emt 0:00:07]} 26. Rc1 {[%emt 0:03:31]} Qe3 {[%emt 0:01:01]} 27. Qxe3 {[%emt 0:00:37]} Nxe3 {[%emt 0:00:10]} 28. Bf3 {[%emt 0:00:18]} Rad8 {[%emt 0:00:25]} 29. e5 {[%emt 0:00:40]} Rd2 {[%emt 0:05:20]} 30. Ne4 {[%emt 0:00:31]} Rxb2 {[%emt 0:00:05]} 31. Nd6 {[%emt 0:00:11]} Rd8 {[%emt 0:08:34]} 32. h4 {[%emt 0:03:01]} g6 {[%emt 0:01:38]} 33. Be4 {[%emt 0:00:55]} Kf8 {[%emt 0:01:04]} 34. Re1 {[%emt 0:00:30]} Ng4 {[%emt 0:00:30]} 35. Kg1 {[%emt 0:00:09]} Ke7 {[%emt 0:02:07]} 36. Rc1 {[%emt 0:02:21]} Rb3 {[%emt 0:01:38]} 37. Kg2 {[%emt 0:00:24]} Rxd6 {[%emt 0:00:27]} 38. exd6+ {[%emt 0:00:05]} Kxd6 {[%emt 0:00:04]} 39. Rd1+ {[%emt 0:00:40]} Ke7 {[%emt 0:00:09]} 40. Re1 {[%emt 0:00:00]} Re3 {[%emt 0:00:00]} 0-1

[Event "Azerbaijan Championship 2022"]
[Site "Nakhchivan"]
[Date "2022.02.07"]
[Round "3.7"]
[White "Mammadov, Sadig"]
[Black "Ibrahimli, Murad"]
[Result "0-1"]
[WhiteElo "2220"]
[BlackElo "2418"]
[Annotator "TA"]
[PlyCount "84"]
[EventDate "2022.02.05"]
[EventCountry "AZE"]
[SourceTitle "playchess.com"]
[Source "ChessBase"]
[SourceQuality "1"]

{[%evp 19,84,41,45,33,71,29,28,31,25,30,58,39,40,63,56,46,68,11,69,15,18,5,85,0,7,6,10,0,11,-23,-28,-37,-4,-7,0,0,0,-37,-22,-22,-23,-30,-19,-92,-73,-64,-65,-65,-70,-66,-67,-166,-162,-221,-223,-545,-504,-550,-156,-904,-880,-29945,-6744,-5385,-5269,-1703,-971]} 1. d4 Nf6 2. c4 g6 3. g3 Bg7 4. Bg2 d5 5. cxd5 Nxd5 6. e4 Nb6 7. Ne2 O-O 8. O-O Nc6 9. d5 Na5 10. Nbc3 c6 11. b3 {D72: Fianchetto Grünfeld: 5 cxd5 Nxd5 6 e4 Nb6 (without Nf3).} Bg4 {And now ...Bxc3 would win.} 12. Bd2 (12. f3 $16 cxd5 13. exd5 (13. fxg4 d4 $16)) 12... cxd5 $11 13. exd5 {White has an edge.} e6 14. dxe6 Bxe6 15. Ne4 Nc6 16. Bg5 f6 {[#]} 17. Be3 $146 ({Predecessor:} 17. Bf4 Bg4 18. N4c3 Re8 19. Re1 Qe7 20. h3 Rad8 21. Qc1 Bf5 22. Nb5 Bd3 23. Nc7 Bxe2 24. Nxe8 Rxe8 {1-0 (66) Khoder,A (1963)-Al Hosani,O (2202) Dubai 2021}) 17... Bg4 {Strongly threatening ...Qxd1.} 18. f3 (18. Qe1 $14) 18... Bf5 (18... Be6 $11) 19. Nd6 (19. N2c3 $14) 19... Qd7 20. Nf4 Kh8 (20... Rfd8 $11 {remains equal.} 21. Nxf5 Qxf5) 21. Rf2 ({White should try} 21. Bc5 $16) 21... Rfd8 $1 22. Rd2 Bf8 $1 {[%cal Rf8d6,Bg7f8,Bf8b4,Bb4c5,Bc5d4][%mdl 32]} 23. Ne4 Qe8 24. Bxb6 axb6 25. Nd5 Bxe4 (25... Bh6 {keeps more tension.} 26. Nexf6 Qf8 27. f4 Bg7 28. g4 Be6) 26. fxe4 Qe5 27. Qf1 Bb4 28. Rd3 Bc5+ 29. Kh1 Bd4 30. Rad1 Rxa2 31. Ne3 (31. b4 $11 f5 32. Qf4 fxe4 33. Bxe4) 31... Bxe3 {Black is much more active.} (31... Qh5 32. Rxd4 $1 {[%mdl 512]} Rf8 33. Rd5 $18) 32. Rxd8+ Nxd8 33. Rxd8+ Kg7 34. Rd7+ Kh6 35. Qf3 (35. Rd3 $15 Bc5 36. Bf3) 35... Bd4 $1 $36 {[%mdl 2048] Black is really pushing.} ({Not} 35... Qc3 36. Rd1 $17) 36. h4 {[#]} (36. h3 $142) 36... Rf2 $1 {Really sharp!} 37. Qg4 (37. Qd3 {nothing else works.} Bc5 38. g4) 37... Qc5 {( -> ...Qc1+)} 38. Qd1 {[#] Inhibits Qc1.} Be5 (38... Qc3 $1 $19 {[%cal Oc3g3] has better winning chances.} 39. Rxd4 (39. Qg1 Rd2) 39... Qxg3) 39. Rd5 $2 {This costs White the game.} (39. Rd3 $17) 39... Qc3 40. Rd3 Qb2 41. Qg1 {[#]} Rxg2 $1 {[%mdl 512]} 42. Qxg2 Qb1+ {Weighted Error Value: White=0.72/Black=0.29 (precise)} 0-1

[Event "Azerbaijan Championship 2022"]
[Site "Nakhchivan"]
[Date "2022.02.07"]
[Round "3.8"]
[White "Gasimov, Parviz"]
[Black "Bayramov, Elvin"]
[Result "1-0"]
[WhiteElo "2379"]
[BlackElo "2280"]
[Annotator "TA"]
[PlyCount "77"]
[EventDate "2022.02.05"]
[EventCountry "AZE"]
[SourceTitle "playchess.com"]
[Source "ChessBase"]
[SourceQuality "1"]

{[%evp 11,77,6,30,19,34,30,18,10,27,26,18,29,126,126,131,138,144,157,153,132,194,179,203,208,209,208,215,189,218,200,179,84,234,256,406,397,410,397,376,303,300,305,303,305,318,307,311,295,292,247,286,248,479,468,968,965,840,789,1251,1234,12837,12837,29989,29990,29993,29992,29994,29995]} 1. e4 c5 2. Nf3 d6 3. d4 cxd4 4. Nxd4 Nf6 5. Nc3 a6 6. Qf3 e6 7. g4 {7.Be3 might become the main line. B90: Sicilian Najdorf: Unusual White 6th moves, 6 Be3 Ng4 and 6 Be3 e5.} Nc6 8. Nxc6 bxc6 9. g5 {The position is equal.} Nd7 10. Bf4 Ne5 11. Qg3 {[#]} Rb8 $146 (11... Ng6 $11 {keeps the balance.}) ({Predecessor:} 11... Ng6 12. Be3 d5 13. O-O-O Bd6 14. f4 Qc7 15. e5 Bb4 16. Na4 Qa5 17. b3 c5 {0-1 (30) Pahud,C (2201)-Burri,Q (2322) Switzerland 2018}) 12. O-O-O $36 {[%mdl 2048] Keeping Black busy.} Qb6 13. b3 Be7 14. h4 {[%cal Bh2h4,Bh4h5][%mdl 32]} O-O 15. h5 (15. Bxe5 $6 dxe5 16. Qxe5 Bb7 $14) 15... Qc5 (15... f6 $16 {keeps fighting.}) 16. Bd2 $18 f5 17. gxf6 $1 Bxf6 {[%cal Oe5g4]} 18. f4 {[%cal Bf2f4,Bf4f5][%mdl 32] h6 is the strong threat.} Nd7 19. Kb1 Rb4 20. Rg1 Rf7 ({Less strong is} 20... Qxh5 21. Bd3 Qc5 22. e5 dxe5 23. Qh3 (23. Ne4 Rxe4 24. Bxe4 Qd4 $16)) 21. Be2 (21. Bg2 $1 $18) 21... Rd4 {[#] Loses the game.} (21... Bd4 $16) 22. Bd3 $1 (22. Na4 {[#]} Rxa4 $1 23. bxa4 Bd4 $11) 22... e5 (22... Nf8 {was called for.} 23. h6 g6) 23. f5 d5 24. h6 Qe7 25. Ne2 dxe4 26. Nxd4 exd3 27. Ne6 (27. Nxc6 Qc5 28. Nb4 e4 $16) 27... dxc2+ 28. Kxc2 Nf8 29. Nxg7 ({Weaker is} 29. hxg7 Nxe6 30. fxe6 Bxe6 $16) 29... Bxg7 30. hxg7 Bxf5+ 31. Kb2 {The board is on fire.} Ng6 (31... Nd7 32. Qg2 Qf6) 32. Bg5 Qc5 (32... Qa7 $142 33. Bh6 Bd7) 33. Rd8+ Kxg7 34. Qh2 {[%csl Gg5][%cal Rh2h6]} h5 35. Rc1 Qb6 36. Qxh5 {[%csl Gg5][%cal Rh5h6]} Qf2+ 37. Ka3 {[%csl Gg5][%cal Rh5h6] White mates.} Nf8 38. Qh6+ Kg8 39. Bf6 {Weighted Error Value: White=0.08 (flawless) /Black=0.60} 1-0

[Event "Azerbaijan Championship 2022"]
[Site "Nakhchivan"]
[Date "2022.02.07"]
[Round "3.9"]
[White "Sevdimaliyev, Urfan"]
[Black "Bayramov, Zaur"]
[Result "1/2-1/2"]
[WhiteElo "2359"]
[BlackElo "2357"]
[Annotator "TA"]
[PlyCount "91"]
[EventDate "2022.02.05"]
[EventCountry "AZE"]
[SourceTitle "playchess.com"]
[Source "ChessBase"]
[SourceQuality "1"]

{[%evp 19,91,4,0,0,11,0,0,0,4,0,0,0,0,0,0,13,19,1,15,-8,-12,-20,-9,-37,0,-7,-9,-48,-18,-32,-15,-41,-17,-36,-29,-54,-54,-58,-45,-50,-43,-42,-53,-57,0,-64,0,-4,0,0,0,0,20,0,25,-24,-21,-14,18,-127,0,-10,-10,-10,-10,-10,-10,-10,-10,-10,-10,-10,-10,-10]} 1. c4 Nf6 2. g3 e6 3. Bg2 d5 4. Nf3 c6 5. b3 Be7 6. O-O O-O 7. Bb2 a5 8. a3 Nbd7 9. d3 b5 10. Nbd2 Ba6 11. Qc2 {A14: English Opening: 1...e6 with b3 by White.} Qb6 {[#]} 12. Rfc1 $146 ({Predecessor:} 12. Rab1 Qb8 13. Nd4 Rc8 14. e4 Bf8 15. N4f3 dxe4 16. dxe4 e5 17. Ne1 Re8 {½-½ (17) Gisbrecht,E (2441)-Van den Doel,E (2609) Germany 2004}) 12... Rfc8 13. Rab1 Rab8 {[%cal Ba8b8,Bb8b7,Bb7d7][%mdl 32]} 14. h3 h6 15. e3 Qa7 16. Bd4 c5 17. Bb2 Nb6 18. Be5 Rb7 19. cxb5 Bxb5 20. a4 Be8 21. Qd1 Rd7 (21... Nfd7 $5 {[%cal Rd7e5]}) 22. Qe2 Rdd8 23. g4 Qa6 (23... Nbd7 $5 {[%cal Rd7e5]}) 24. Bf1 Qa8 25. Bg2 Nfd7 {[%cal Bf6d7,Bd7b8,Bb8c6,Bc6b4][%mdl 32]} (25... Nbd7 $5 {[%cal Rd7e5]}) 26. Ba1 Nb8 27. Nf1 Nc6 28. Ng3 Nb4 29. h4 Qa6 30. Bf1 ({Reject} 30. Qb2 f6 31. Ne1 Bg6 $17) 30... f6 31. Rd1 Bg6 (31... Bf7 $15) 32. e4 (32. g5 $11) 32... dxe4 (32... Nd7 $15) 33. dxe4 $11 Qxe2 34. Bxe2 Rxd1+ 35. Rxd1 e5 36. Nf5 Bf8 37. Rc1 {Prevents c4.} (37. Nd2 $142) 37... Rd8 {[%cal Oc5c4]} 38. Rd1 $1 Rc8 39. Bc3 {[#]} (39. Nd2 $11) 39... Bf7 (39... c4 $1 $17 {[%cal Rc4b3]} 40. bxc4 (40. Nd6 Bxd6 41. Rxd6 cxb3 $17) 40... Nxa4) 40. Nd2 {The position is equal.} c4 41. Bxb4 Bxb4 42. Nxc4 Nxc4 43. bxc4 Bxc4 44. Rc1 Be6 {This bishop pair is nice.} 45. Rxc8+ Bxc8 46. h5 $1 {Weighted Error Value: White=0.19 (very precise) /Black=0.16 (very precise)} 1/2-1/2

[Event "Azerbaijan Championship 2022"]
[Site "Nakhchivan"]
[Date "2022.02.07"]
[Round "3.10"]
[White "Eynullayev, Atilla"]
[Black "Hasanzade, Toghrul"]
[Result "0-1"]
[WhiteElo "2324"]
[BlackElo "2292"]
[Annotator "TA"]
[PlyCount "48"]
[EventDate "2022.02.05"]
[EventCountry "AZE"]
[SourceTitle "playchess.com"]
[Source "ChessBase"]
[SourceQuality "1"]

{[%evp 10,48,41,25,44,48,51,58,53,57,31,54,41,0,12,9,44,27,26,0,4,-27,0,0,6,-42,-34,-32,-26,-50,-26,-86,-84,-189,-164,-223,-240,-793,-610,-6241,-1264]} 1. e4 c5 2. Nf3 Nf6 3. e5 Nd5 4. Nc3 e6 5. Ne4 Nc6 6. c4 $1 {[#] Threatens to win with d4.} f5 {B29: Sicilian: 2 Nf3 Nf6 (Nimzowitsch Variation).} 7. cxd5 fxe4 8. dxc6 {Ng1 is the strong threat.} exf3 {[#] White is slightly better.} 9. cxd7+ $146 ({Predecessor:} 9. Qxf3 dxc6 10. b3 Qd4 11. Qc3 a5 12. Bb2 Qe4+ 13. Qe3 Qxe3+ 14. dxe3 a4 15. O-O-O {½-½ (52) Ter Sahakyan,S (2643)-Aleksandrov,A (2535) Belgrade 2021}) 9... Bxd7 10. Qxf3 Bc6 11. Qe3 (11. Qb3 $1 $14 {feels stronger.}) 11... Qd5 12. b3 {To avoid c4} b5 13. Bb2 Be7 14. Rc1 O-O 15. h4 ({Wrong is} 15. d4 $2 Rad8 16. Qh3 Qe4+ 17. Qe3 Bh4 18. Qxe4 Bxe4 $19) 15... Rad8 {[%cal Oc5c4]} 16. Rh2 a5 17. Be2 (17. Ba3 $11) 17... a4 $15 18. Rc2 axb3 19. axb3 Ra8 (19... Qd7 $5 {[%cal Rd7a7]}) 20. f4 (20. Bf3 $11 {remains equal.} Qd7 21. Rh3) 20... Ra2 $17 {[%mdl 1024] Black has strong compensation. Black is more active.} 21. g3 (21. Bf3 $17 Qd7 22. Bd1) 21... Rd8 $19 22. Kf2 (22. Bg4 {is a better defense.}) 22... Qe4 23. Qc3 (23. d3 Qb4 24. Bg4 Qxb3 25. Kg1) 23... c4 24. Rc1 {[#]} Bc5+ {Weighted Error Value: White=0.81/Black=0.08 (flawless)} (24... Rd3 $142 $1 {[%mdl 512]} 25. Qxd3 (25. b4 Rxc3) 25... cxd3 26. Rxc6 dxe2 27. Rc8+ Kf7 28. Ke1 Rxb2 29. Rxe2 Qf3 30. Rc1 Qxg3+ 31. Kd1 Bxh4 32. Rc7+ Kg6 33. Rxg7+ Kxg7 34. Kc1 Qxb3 35. Rg2+ Kf7 36. Rg7+ Kxg7 37. d4 Qc2#) 0-1

[Event "Azerbaijan Championship 2022"]
[Site "Nakhchivan"]
[Date "2022.02.07"]
[Round "3.11"]
[White "Manafov, Vugar"]
[Black "Mustafayev, Farid"]
[Result "1-0"]
[WhiteElo "2299"]
[BlackElo "2322"]
[Annotator "TA"]
[PlyCount "95"]
[EventDate "2022.02.05"]
[EventCountry "AZE"]
[SourceTitle "playchess.com"]
[Source "ChessBase"]
[SourceQuality "1"]

{[%evp 16,95,0,-19,11,0,10,4,12,0,12,0,19,29,16,22,47,54,56,57,49,49,62,31,40,7,14,20,14,-14,15,7,13,14,99,108,109,104,244,222,395,385,381,392,390,368,352,353,558,551,537,541,785,785,739,533,900,517,534,524,597,502,492,494,484,470,423,463,472,465,333,270,830,458,468,416,1443,1420,1379,1270,933,881]} 1. d4 d6 2. Nf3 g6 3. Bg5 Bg7 4. c3 Nd7 5. Nbd2 Ngf6 6. e4 e5 7. dxe5 dxe5 8. Be2 O-O 9. O-O b6 {A48: 1 d4 Nf6 2 Nf3 g6: Torre, London and Colle Systems.} 10. Qc2 Bb7 11. b4 h6 {The position is equal.} 12. Bh4 Qe8 13. Rfe1 Nh5 {[#]} 14. Nc4 $146 ({Predecessor:} 14. a4 f5 15. exf5 gxf5 16. Bb5 a6 17. Bxd7 Qxd7 18. Nxe5 Bxe5 19. Rxe5 Qg7 {0-1 (19) Rodriguez Vargas,O (2440)-Rivas Pastor,M (2480) Torremolinos 1985}) 14... Nf4 15. Bf1 f5 16. Nfd2 Ne6 17. f3 f4 18. a4 {[%cal Ba2a4,Ba4a5][%mdl 32]} a6 19. a5 {Black must now prevent axb6.} b5 20. Na3 g5 21. Bf2 c6 22. Nb3 Qe7 23. Red1 Rfd8 {[%cal Og5g4]} 24. Rd2 c5 {[#]} (24... g4 $11 {remains equal.}) 25. Nxb5 $1 {White is more active.} axb5 26. Bxb5 {Rad1 is the strong threat.} Rac8 {This costs Black the game.} (26... cxb4 $16 {was called for.} 27. Rad1 Ndf8) 27. Rad1 $18 Bc6 (27... Nd4 28. cxd4 cxd4) 28. Bxc6 Rxc6 29. Nxc5 Ndxc5 30. Rxd8+ {[%mdl 64] [#] Overworked Piece} Nxd8 31. Bxc5 Rxc5 (31... Qe8 {keeps fighting.} 32. Qa2+ Kh7) 32. Qa2+ (32. bxc5 Qxc5+ 33. Kh1 Qxa5 $14) 32... Kh7 33. bxc5 Qxc5+ 34. Kh1 Nc6 35. a6 {aiming for Qf7.} Qe3 36. Qd2 Qb6 37. Qd3 h5 38. Ra1 g4 39. fxg4 (39. Qd7 Qb2 40. Rg1 Qb6 41. Qf5+ Kg8 42. Qe6+ Kh7 $18) 39... hxg4 40. Qd7 Qb2 41. Rg1 Qe2 42. Qf5+ (42. Qxc6 f3 43. gxf3 (43. a7 f2 $11) 43... Qxf3+ 44. Rg2 Qf1+ 45. Rg1 Qf3+ 46. Rg2 Qf1+ 47. Rg1 Qf3+ $11) 42... Kg8 43. Ra1 f3 $2 (43... Qb2 44. Rg1 Qb5) 44. Qxg4 Qb2 {[%cal Rb2a1]} 45. Rf1 f2 (45... Qa2 $142 46. Qc8+ Kh7 47. Qf5+ Kg8 48. gxf3 Qxa6) 46. Qc8+ {White is clearly winning.} Kh7 47. Qf5+ ({Avoid the trap} 47. Qxc6 $2 Qe2 48. Qc4 Qxc4 $19) 47... Kg8 48. Qxf2 {Weighted Error Value: White=0.43/Black=0.37} 1-0

[Event "Azerbaijan Championship 2022"]
[Site "Nakhchivan"]
[Date "2022.02.07"]
[Round "3.12"]
[White "Babayev, Talib"]
[Black "Talibov, Shiroghlan"]
[Result "0-1"]
[WhiteElo "2256"]
[BlackElo "2307"]
[Annotator "TA"]
[PlyCount "64"]
[EventDate "2022.02.05"]
[EventCountry "AZE"]
[SourceTitle "playchess.com"]
[Source "ChessBase"]
[SourceQuality "1"]

{[%evp 11,64,0,1,8,14,14,15,14,6,0,37,0,0,5,2,-35,-37,-44,-39,-55,-38,-38,91,0,0,0,64,46,47,62,137,144,225,199,222,212,308,351,295,266,246,271,232,195,204,68,128,-152,-138,-995,-984,-781,-753,-29998,-29999]} 1. Nf3 g6 2. g3 Bg7 3. Bg2 c5 4. c4 Nc6 5. Nc3 e5 6. O-O d6 7. d3 {7.a3 is more fashionable. A37: Symmetrical English vs ...g6: 4 Bg2 Bg7 5 Nf3.} f5 8. Bg5 Nf6 9. Nd5 {The position is equal.} O-O {[#]} 10. Qd2 $146 ({Predecessor:} 10. Ne1 Be6 11. Nc2 Qd7 12. Bxf6 Bxf6 13. Rb1 Bg7 14. a3 f4 15. b4 b6 16. b5 {1-0 (50) Varga,P (2396)-Cieslar,M (2012) Katowice 2016}) 10... Be6 11. Ne1 Qd7 12. Bxf6 Bxf6 13. Nc2 Bg7 14. Rab1 f4 15. Be4 Bh3 16. Rfd1 h5 (16... Bh6 $15 {keeps the upper hand.} 17. f3 Rac8) 17. gxf4 (17. Bxg6 $16 h4 18. Be4) 17... exf4 $11 18. f3 {To avoid Qg4+} Nd4 (18... Bf5 $11) 19. Kh1 Nxc2 20. Qxc2 {Black must now prevent Rg1.} g5 (20... Bf5 $14) 21. Rg1 $16 g4 {[#]} (21... Qd8 $16 {might work better.}) 22. Qd2 $1 $18 Be5 23. b4 Rab8 (23... Rae8 {was called for.} 24. e3 Qg7) 24. bxc5 dxc5 25. e3 fxe3 26. Qxe3 {Hoping for Qg5+.} Qg7 {Prevents Qg5.} 27. Qxc5 Rf7 {To avoid Ne7+} 28. fxg4 (28. Qxa7 $18 {Strongly threatening Rb6.} b6 29. Qa3) 28... hxg4 {[#]} ({Black should play} 28... b6 $14 29. Qe3 hxg4) 29. Bf5 $2 {[%mdl 8192]} b6 $40 {[%mdl 128] Black attacks with force. Really sharp!} 30. Qa3 {[%mdl 8192]} (30. Qc6 $17 Rxf5 31. Qe6+ Rf7 32. Ne7+ Kh7 33. Nc6) 30... Rxf5 $19 ({Inferior is} 30... Bxh2 31. Kxh2 Qe5+ 32. Kh1 Qxf5 33. Ne7+ Rxe7 34. Qxe7 Qf3+ 35. Kh2 Qf2+ 36. Kh1 $11) 31. Ne7+ Kh8 {( -> ...Rf2)} 32. Nxf5 Qb7+ {Weighted Error Value: White=0.78/Black=0.27 (precise)} 0-1

[Event "Azerbaijan Championship 2022"]
[Site "Nakhchivan"]
[Date "2022.02.08"]
[Round "4.1"]
[White "Durarbayli, Vasif"]
[Black "Mamedov, Nidjat"]
[Result "1/2-1/2"]
[WhiteElo "2615"]
[BlackElo "2604"]
[Annotator "TA"]
[PlyCount "62"]
[EventDate "2022.02.05"]
[EventCountry "AZE"]
[SourceTitle "playchess.com"]
[Source "ChessBase"]
[SourceQuality "1"]

{[%evp 12,62,37,0,13,10,5,8,8,12,20,17,22,0,0,7,11,12,3,7,31,24,29,0,28,23,25,23,30,0,0,0,0,0,0,0,0,0,0,0,0,0,0,0,0,0,0,0,0,0,0,0,0]} 1. e4 e5 2. Nf3 Nc6 3. Bb5 a6 4. Ba4 Nf6 5. O-O Be7 6. d3 d6 7. c4 O-O {C84: Closed Ruy Lopez: Unusual White 6th moves.} 8. h3 Nd4 9. Nxd4 exd4 10. Nd2 Nd7 11. Nf3 {[#]} c5 $146 ({Predecessor:} 11... Bf6 12. Bf4 Nc5 13. Bc2 Re8 14. Re1 b5 15. b3 Bb7 16. Qd2 bxc4 17. bxc4 Rb8 {0-1 (78) Guseinov,G (2660)-Fressinet,L (2633) chess24.com INT 2019}) 12. Bf4 {[%cal Ob2b4] To avoid Ne5} (12. b4 $5) 12... Qc7 13. b4 b6 14. Rb1 Ne5 15. Bg3 Nxf3+ 16. Qxf3 {[%cal Oe4e5]} Be6 17. Rfc1 Rab8 18. a3 Bf6 19. Qe2 g6 20. bxc5 bxc5 {The position is equal.} 21. Qf1 Bg7 22. Rxb8 Rxb8 23. Rb1 h6 24. Rxb8+ Qxb8 25. Qc1 Qb6 26. Bf4 h5 27. Qc2 Kh7 28. Qb3 Qc7 29. Qd1 Qb6 30. Qb3 Qc7 31. Qd1 Qb6 {An uneventful encounter.  Weighted Error Value: White=0.05 (flawless) /Black=0.04 (flawless)} 1/2-1/2